An oriental biographical dictionary : (Record no. 134074)

MARC details
000 -LEADER
fixed length control field 00734nam a22002297a 4500
005 - DATE AND TIME OF LATEST TRANSACTION
control field 20170124110220.0
010 ## - LIBRARY OF CONGRESS CONTROL NUMBER
LC control number 630259
020 ## - INTERNATIONAL STANDARD BOOK NUMBER
Terms of availability 00.00
035 ## - SYSTEM CONTROL NUMBER
System control number 630259
037 ## - SOURCE OF ACQUISITION
Source of stock number/acquisition Cen Lib/Ret
040 ## - CATALOGING SOURCE
Original cataloging agency DPL
Language of cataloging EN
082 ## - DEWEY DECIMAL CLASSIFICATION NUMBER
Classification number 920.3
Item number KEE
100 ## - MAIN ENTRY--PERSONAL NAME
Personal name Keene, Henry George
9 (RLIN) 31415
245 ## - TITLE STATEMENT
Title An oriental biographical dictionary :
Statement of responsibility, etc by Thomas William Beale
Remainder of title founded on materials collected /
250 ## - EDITION STATEMENT
Edition statement rev. enl. ed
260 ## - PUBLICATION, DISTRIBUTION, ETC. (IMPRINT)
Place of publication, distribution, etc New Delhi
Name of publisher, distributor, etc Manohar Reprint
Date of publication, distribution, etc 1971
270 ## - ADDRESS
City New Delhi
Address 2, Daryaganj, Ansari Road, Panna Bhawan
Postal code 110002
300 ## - PHYSICAL DESCRIPTION
Extent vii,431p.
Dimensions 22cm(Hb)
650 ## - SUBJECT ADDED ENTRY--TOPICAL TERM
Topical term or geographic name as entry element Orient -- Biography -- Dictionaries
9 (RLIN) 39708
650 ## - SUBJECT ADDED ENTRY--TOPICAL TERM
Topical term or geographic name as entry element Asia -- Orient
9 (RLIN) 39709
942 ## - ADDED ENTRY ELEMENTS (KOHA)
Source of classification or shelving scheme Dewey Decimal Classification
Koha item type English Books
Classification part 920.3
Call number suffix KEE
Holdings
Withdrawn status Lost status Damaged status Not for loan Collection code Home library Current library Date acquired Source of acquisition Cost, normal purchase price Total Checkouts Full call number Barcode Date last seen Copy number Cost, replacement price Price effective from Koha item type
      Not For Loan Reference Central Library Central Library 28/07/2015 Cen Lib/Ret 0.00   920.3 KEE 630259 28/07/2015 1 0.00 28/07/2015 English Books

© Delhi Public Library
Hit Counter
free hit counter